00443nam a2200181Ia 4500003000400000005001700004008004100021020002200062040000700084041000800091082001700099100001600116245003500132260003200167300001700199365001600216650002900232OSt20230616100839.0210423s2019 xx 000 0 und d a978-81-936260-4-7 cAL aeng a323.445 ROYR aROY (Aruna) aRTI story: power to the people aNew DelhibRoli Booksc2019 axxiv,376bPB b371.25cINR aCivil & Political Rights